| 000 | 00599nam a22001817a 4500 | ||
|---|---|---|---|
| 003 | OSt | ||
| 082 |
_a631.587 _bAKH/AR |
||
| 100 |
_aAkhina, P _94691 |
||
| 100 |
_aAngitha, K. A _94692 |
||
| 100 |
_aRabeea Assainar _94693 |
||
| 100 |
_aRanjisha, K _94694 |
||
| 100 |
_aShabana, P _94695 |
||
| 245 | _aArtificial neural network model for prediction of crop evapotranspiration | ||
| 260 |
_aTavanur _bDepartment of Irrigation and Drainage Engineering _c2020 |
||
| 700 |
_aSasikala, D _94696 |
||
| 856 | _uhttps://drive.google.com/file/d/1mUi4BihkE2GElUCWbyCTrwu6LXCC1Lnv/view?usp=sharing | ||
| 942 | _cPR | ||
| 999 |
_c16311 _d16311 |
||